| 000 | 04101cam a22005174i 4500 | ||
|---|---|---|---|
| 003 | PE-LiUPU | ||
| 005 | 20250731173027.0 | ||
| 008 | 170626s2012 mau rb 001 0 eng d | ||
| 020 | _a9004228306 | ||
| 020 | _a9789004228306 | ||
| 035 | _a(Sirsi) a237809 | ||
| 040 |
_aPE-LiUPU _bspa _cPE-LiUPU _erda |
||
| 049 | _aPRUA | ||
| 082 | 0 | 4 |
_a289.94094 _bW16 _222 |
| 100 | 1 |
_aWährisch-Oblau, Claudia, _eautor. |
|
| 245 | 1 | 4 |
_aThe missionary self-perception of Pentecostal/Charismatic church leaders from the global South in Europe : _bbringing back the Gospel / _cby Claudia Währisch-Oblau. |
| 264 | 1 |
_aLeiden : _bBrill, _c2012. |
|
| 300 |
_ax, 428 páginas ; _c24 centimetros |
||
| 336 |
_atext _2rdacontent |
||
| 337 |
_aunmediated _2rdamedia |
||
| 338 |
_avolume _2rdacarrier |
||
| 504 | _aBibliografía : páginas 409-423. | ||
| 504 | _aÍndices: páginas 425-428. | ||
| 505 | 0 | _aFollowing the call : expatriation narratives -- Theoretical framework : some considerations -- Intertwined call and expatriation narratives -- 'Circular stories' : how the call was realized after all -- 'Oscillating' narratives : how the call became clear over time -- Called after expatriation -- Struggling to understand call and expatriation -- Concluding remarks : intertwined call and expatriation narratives -- Expatriation as consequence of the call -- Independent charismatic missionaries : success stories -- Missionaries sent by Pentecostal churches -- Concluding remarks : expatriation as consequence of the call -- Pastoral call and expatriation not connected -- V.K. : for me it was so wonderful to go to Germany -- A.M., P.S., I.A. : asylum in Germany -- Spiritual interpretation instead of expatriation narrative -- Expatriation narratives : some final observations -- Being on a mission : the relationship to the outside world -- "What is your mission?" : observations from the short interviews -- Missionary practice : evangelizing Germans -- Street evangelism -- Tracts -- Gospel music -- Other means -- Conceptualizing evangelism in interdenominational dialogue : the long interviews -- Locating oneself globally : sent to the world -- Describing one's message -- Reflections on contextualization -- Imagining Germany and Europe -- Restoring a ruined church -- "Bringing back" the Gospel -- The German nation in the economy of salvation -- Territorial spirits -- Imagining Germany and Europe -- Conceptualizing evangelism in the global pentecostal/charismatic network : the 'spiritual warfare' paradigm -- Evangelism in the framework of spiritual warfare : the anglophone West African example -- Evangelism in the framework of 'spiritual warfare' : concretizations -- Evangelism, inculturation and clashing paradigms -- Consequences -- The current situation -- Dialogue fields : a description -- Ministerial authority -- Immigration -- Mission and evangelism -- Ecclesiology and the politics of difference : who defines Christianity in Europe? -- The functional question does a missionary self-image further or hinder integration? -- The theological question : are European churches ready to be evangelized? | |
| 526 | _aSEG42 | ||
| 526 | _aSEG41 | ||
| 526 | _aSEG40 | ||
| 526 | _aSEG39 | ||
| 526 | _aP94 | ||
| 526 | _aP87 | ||
| 526 | _aP86 | ||
| 526 | _aP85 | ||
| 526 | _aP77 | ||
| 526 | _aP76 | ||
| 526 | _aP35 | ||
| 650 | 0 | _aIglesias pentecostales. | |
| 650 | 7 |
_aTrabajo de iglesia. _2fast _0(OCoLC)fst00860973 |
|
| 650 | 7 |
_aIglesias pentecostales. _2fast _0(OCoLC)fst01057180 |
|
| 910 |
_ajck _bjvq _cjpc _d20170626 |
||
| 942 |
_2ddc _cBOOK |
||
| 949 |
_a289.92 W16 _wDEWEY _c1 _i76409 _lCATALOGING _mBUL _p43.00 _r0 _sY _tBOOK _u2017-06-26 _xTEOLOGÍA _zTEOLOGÍA _0COMPRA _o.CIRCNOTE. El documento es de alto precio. _o.STAFF. Colección Teología |
||
| 994 |
_aC0 _bPEPRU |
||
| 596 | _a1 | ||
| 999 |
_a289.94094 W16 _wDEWEY _c24506 _i76409 _f2021-11-11 _g4 _lCCODEBUL1 _mBUL _p43.00 _r0 _sY _tBOOK _u2017-6-26 _xTEOLOGIA _PP35 _0DONACION _o.STAFF. Colección Teología _d24506 |
||
| 980 |
_81 _gALBERTO SANCHEZ Responsable de Automatización |
||